LEADER 01347nam a2200265 i 4500 001 991002063379707536 005 20020507155709.0 008 990826s1988 it ||| | ita 020 $a881316341X 035 $ab1160346x-39ule_inst 035 $aLE02729834$9ExL 040 $aDip.to Studi Giuridici$bita 082 0 $a343.4508559104 110 2 $aCentro internazionale di studi giuridici$0227422 245 13$aLa legislazione turistica nella Legge quadro 17 maggio 1983, n. 217 e l'ordinamento statuale e regionale :$batti del Convegno svoltosi a Jesolo, 28-31 maggio 1987 /$cC.I.D.I.S., Centro internazionale di studi giuridici 260 $aPadova :$bCEDAM,$cc1988 300 $aix, 436 p. ;$c24 cm. 500 $aSegue: Legge n. 730 del 5-12-1985: Disciplina dell'agriturismo; Circolare n. 10 del 27-6-86 del Ministero dell'agricoltura e foreste; Legge regionale n. 31 del 15-7-1986, Regione Veneto 650 4$aTurismo$xLegislazione$xCongressi 907 $a.b1160346x$b21-09-06$c02-07-02 912 $a991002063379707536 945 $aLE027 343 CIG01.01$g1$iLE027-7228$lle027$o-$pE0.00$q-$rl$s- $t0$u0$v0$w0$x0$y.i11816375$z02-07-02 996 $aLegislazione turistica nella Legge quadro 17 maggio 1983, n. 217 e l'ordinamento statuale e regionale$9896933 997 $aUNISALENTO 998 $ale027$b01-01-99$cm$da $e-$fita$git $h3$i1 LEADER 02953nam 2200445 450 001 9910796978103321 005 20180125103331.0 035 $a(CKB)4100000004976264 035 $a(MiAaPQ)EBC5448215 035 $a(EXLCZ)994100000004976264 100 $a20180728d2018 uy 0 101 0 $aeng 135 $aurcnu|||||||| 181 $ctxt$2rdacontent 182 $cc$2rdamedia 183 $acr$2rdacarrier 200 00$aBetween turn and sequence $eturn-initial particles across languages /$fedited by John Heritage and Marja-Leena Sorjonen 210 1$aAmsterdam ;$aPhiladelphia :$cJohn Benjamins Publishing Company,$d[2018] 210 4$dİ2018 215 $a1 online resource (497 pages) 225 1 $aStudies in language and social interaction ;$v31 311 $a90-272-0048-3 311 $a90-272-6428-7 320 $aIncludes bibliographical references and index. 327 $aIntroduction : analyzing turn-initial particles / John Heritage and Marja-Leena Sorjonen -- Nu-prefaced responses in Russian conversation / Galina B. Bolden -- Bueno-, pues- and bueno-pues-prefacing in Spanish Conversation / Chase Raymond -- Two types of trouble with questions : a comparative perspective on turn-initial particles in Korean / Hye Ri Stephanie Kim -- Diverging from 'business as usual' : turn-initial ngala in Garrwa conversation / Ilana Mushin -- Turn-initial particles in English : the cases of oh and well / John Heritage -- A-prefaced responses to inquiry in Japanese / Makoto Hayashi and Kaoru Hayano -- Treating something as self-evident : no-prefaced turns in Polish / Matylda Weidner -- Reformulating prior speaker's turn in Finnish : turn-initial siis, eli(kka?), and nii(n) et(ta?) / Marja-Leena Sorjonen -- Turn design and progression : the use of aiyou in Mandarin conversation / Ruey-Jiuan Regina Wu -- Making up one's mind in second position : Estonian no-preface in action plans / Leelo Keevallik -- Calibrating an agnostic epistemic stance in Swedish conversation : the case of okej-prefacing in calls to the Swedish Board for Study Support / Anna Lindstro?m -- Turn-initial voila? in closings in French : reaffirming authority and responsibility over the sequence / Lorenza Mondada -- Turn-initial naja in German / Andrea Golato -- Justifying departures from progressivity : the Danish turn-initial particle altsa? / Trine Heinemann and Jakob Steensig. 410 0$aStudies in language and social interaction ;$v31.$x1879-3983 606 $aGrammar, Comparative and general$xParticles 606 $aDiscourse markers 615 0$aGrammar, Comparative and general$xParticles. 615 0$aDiscourse markers. 676 $a401/.41 702 $aHeritage$b John 702 $aSorjonen$b Marja-Leena 801 0$bMiAaPQ 801 1$bMiAaPQ 801 2$bMiAaPQ 906 $aBOOK 912 $a9910796978103321 996 $aBetween turn and sequence$93801761 997 $aUNINA LEADER 02603nam 2200541 450 001 9910807453603321 005 20200520144314.0 010 $a1-59756-707-8 035 $a(CKB)3710000000316415 035 $a(EBL)1887961 035 $a(SSID)ssj0001381214 035 $a(PQKBManifestationID)11994332 035 $a(PQKBTitleCode)TC0001381214 035 $a(PQKBWorkID)11393182 035 $a(PQKB)10861177 035 $a(MiAaPQ)EBC1887961 035 $a(Au-PeEL)EBL1887961 035 $a(CaPaEBR)ebr10998272 035 $a(OCoLC)898028391 035 $a(EXLCZ)993710000000316415 100 $a20150109h20152015 uy 0 101 0 $aeng 135 $aur|n|---||||| 181 $ctxt 182 $cc 183 $acr 200 10$aFacial paralysis $ea comprehensive rehabilitative approach /$fMark K. Wax 210 1$aSan Diego, California ;$aOxfordshire, England :$cPlural Publishing, Inc.,$d2015. 210 4$dİ2015 215 $a1 online resource (281 p.) 300 $aDescription based upon print version of record. 311 $a1-59756-560-1 320 $aIncludes bibliographical references at the end of each chapters and index. 327 $aContents; Introduction; Acknowledgments; Contributors; 1. Facial Nerve Anatomy and Mastoid Surgery in the Management of Facial Nerve Disorders; 2. Facial Nerve Paresis and Paralysis: History, Etiology, and Testing; 3. Complications of Facial Paralysis; 4. Medical Management of Facial Paralysis; 5. Management of the Facial Nerve; 6. Nerve Substitutions in Facial Reconstruction; 7. Management of the Paralyzed Brow; 8. Management of the Upper Eyelid Complex; 9. Management of the Lower Eyelid; 10. Management of the Nasal Valve; 11. Management of the Midface and Lips in the Paralyzed Face 327 $a12. Facial Reanimation With Free Tissue Transfer13. Management of the Soft Tissue Defect Following Parotidectomy; Index 330 $aThrough contributions from a range of experts, facial plastic surgeons to head and neck oncologic reconstructive surgeons, this text addresses ways to evaluate all aspects of facial nerve paralysis: diagnosis, individual etiology and management, surgical procedures, as well as preferred reconstructive modalities. 606 $aFacial paralysis$xSurgery 615 0$aFacial paralysis$xSurgery. 676 $a616.8/42 700 $aWas$b Mark K.$01666880 702 $aWax$b Mark K.$f1955- 801 0$bMiAaPQ 801 1$bMiAaPQ 801 2$bMiAaPQ 906 $aBOOK 912 $a9910807453603321 996 $aFacial paralysis$94026376 997 $aUNINA